<?xml version="1.0" encoding="UTF-8"?>
<record
    xmlns:xsi="http://www.w3.org/2001/XMLSchema-instance"
    xsi:schemaLocation="http://www.loc.gov/MARC21/slim http://www.loc.gov/standards/marcxml/schema/MARC21slim.xsd"
    xmlns="http://www.loc.gov/MARC21/slim">

  <leader>02027nam a22002057a 4500</leader>
  <controlfield tag="005">20220330103647.0</controlfield>
  <controlfield tag="008">220328b           ||||| |||| 00| 0 eng d</controlfield>
  <datafield tag="020" ind1=" " ind2=" ">
    <subfield code="a">9788126572038</subfield>
  </datafield>
  <datafield tag="040" ind1=" " ind2=" ">
    <subfield code="c">AL</subfield>
  </datafield>
  <datafield tag="041" ind1=" " ind2=" ">
    <subfield code="a">eng</subfield>
  </datafield>
  <datafield tag="082" ind1=" " ind2=" ">
    <subfield code="2">23</subfield>
    <subfield code="a">542.85</subfield>
    <subfield code="b">YOUC</subfield>
  </datafield>
  <datafield tag="100" ind1=" " ind2=" ">
    <subfield code="a">David Young C</subfield>
    <subfield code="9">26363</subfield>
  </datafield>
  <datafield tag="245" ind1=" " ind2=" ">
    <subfield code="a">Computational Chemistry</subfield>
    <subfield code="b">Practical Guide for Applying Techniques to Real -World Problems</subfield>
  </datafield>
  <datafield tag="260" ind1=" " ind2=" ">
    <subfield code="a">New Delhi</subfield>
    <subfield code="b">Wiley</subfield>
    <subfield code="c">2018</subfield>
  </datafield>
  <datafield tag="300" ind1=" " ind2=" ">
    <subfield code="a">xxiv,381p.</subfield>
    <subfield code="b">HB</subfield>
    <subfield code="c">23x15cm.</subfield>
  </datafield>
  <datafield tag="365" ind1=" " ind2=" ">
    <subfield code="2">General</subfield>
    <subfield code="a">6556</subfield>
    <subfield code="b">&#x20B9;3272.10</subfield>
    <subfield code="c">&#x20B9;</subfield>
    <subfield code="d">&#x20B9;4195.00</subfield>
    <subfield code="e">22%</subfield>
    <subfield code="f">19/03/2022</subfield>
  </datafield>
  <datafield tag="520" ind1=" " ind2=" ">
    <subfield code="a">A practical, easily accessible guide for bench-top chemists, this book focuses on accurately applying computational chemistry techniques to everyday chemistry problems. Provides nonmathematical explanations of advanced topics in computational chemistry. * Focuses on when and how to apply different computational techniques. * Addresses computational chemistry connections to biochemical systems and polymers. * Provides a prioritized list of methods for attacking difficult computational chemistry problem sand compares advantages and disadvantages of various approximation techniques. * Describes how the choice of methods of software affects requirements for computer memory and processing time. A practical, easily accessible guide for bench-top chemists, this book focuses on accurately applying computational chemistry techniques to everyday chemistry problems. Provides nonmathematical explanations of advanced topics in computational chemistry. * Focuses on when and how to apply different computational techniques. * Addresses computational chemistry connections to biochemical systems and polymers. * Provides a prioritized list of methods for attacking difficult computational chemistry problem sand compares advantages and disadvantages of various approximation techniques. * Describes how the choice of methods of software affects requirements for computer memory and processing time.

</subfield>
  </datafield>
  <datafield tag="650" ind1=" " ind2=" ">
    <subfield code="2"> Techniques</subfield>
    <subfield code="a">Chemistry</subfield>
    <subfield code="9">26364</subfield>
  </datafield>
  <datafield tag="942" ind1=" " ind2=" ">
    <subfield code="2">ddc</subfield>
    <subfield code="c">BK</subfield>
  </datafield>
  <datafield tag="999" ind1=" " ind2=" ">
    <subfield code="c">222065</subfield>
    <subfield code="d">222065</subfield>
  </datafield>
  <datafield tag="952" ind1=" " ind2=" ">
    <subfield code="0">0</subfield>
    <subfield code="1">0</subfield>
    <subfield code="2">ddc</subfield>
    <subfield code="4">0</subfield>
    <subfield code="7">0</subfield>
    <subfield code="8">GC</subfield>
    <subfield code="a">SACPG</subfield>
    <subfield code="b">SACPG</subfield>
    <subfield code="d">2022-03-21</subfield>
    <subfield code="e">Biblios Book Point</subfield>
    <subfield code="g">3272.10</subfield>
    <subfield code="l">0</subfield>
    <subfield code="o">542.85 YOUC</subfield>
    <subfield code="p">PG023922</subfield>
    <subfield code="r">2022-08-24 00:00:00</subfield>
    <subfield code="v">4195.00</subfield>
    <subfield code="w">2022-03-28</subfield>
    <subfield code="y">BK</subfield>
  </datafield>
</record>
